000 00563nam a22001697a 4500
003 PILC
005 20150112093438.0
008 130226t xxu||||| |||| 00| 0 eng d
020 _a0749432985
050 _aHD 62.7
_b.T781 2000
082 _aMnSF 658.02
_bT69 2000
100 _aTraverso, Debra Koontz
_917165
245 _aOutsmarting Goliath
_bhow to achieve equal footing with companies that are bigger, richer, older, and better known /
_cDebra Koontz Traverso
260 _aLondon
_bKogan Page
_c2000.
300 _a215 pages :
_c24 cm.
942 _2lcc
_cBK
999 _c14659
_d14659